| 000 | 00515nam a22001817a 4500 | ||
|---|---|---|---|
| 003 | CEME | ||
| 005 | 20210628203148.0 | ||
| 008 | 210203b xxu||||| |||| 00| 0 eng d | ||
| 020 | _a0472663147 | ||
| 040 | _c. | ||
| 082 | _a808.51 QUB | ||
| 100 |
_aQubein, Nido R _963697 |
||
| 245 | _aHow ot be a great communicator , in person, on paper, and on the podium | ||
| 260 |
_aUSA _bJOHN WILEY & SONS _c1997 |
||
| 300 | _aXIV, 249P | ||
| 650 |
_a1- PUBLIC SPEAKING , 2- SELF PRESENTATION _963698 |
||
| 942 |
_cBK _2ddc |
||
| 999 |
_c572435 _d572435 |
||